[Event "Lichtenberger Sommer"]
[Site "Berlin"]
[Date "2009.08.18"]
[Round "4.45"]
[White "Große-Honebrink, Brigitte"]
[Black "Gülke, Volker"]
[Result "1/2-1/2"]
[WhiteElo "1926"]
[BlackElo "2168"]
[PlyCount "63"]
[EventDate "2009.??.??"]
[WhiteTeam "SC Kreuzberg e.V."]
[BlackTeam "SV Eutin von 1875"]

1. d4 d5 2. Nf3 Nc6 3. Bf4 Bg4 4. e3 e6 5. Be2 Bd6 6. Bg3 Nf6 7. Nbd2 Ne7 8.
Ne5 Bxe2 9. Qxe2 O-O 10. O-O Nf5 11. Rac1 c5 12. Ndf3 Nxg3 13. hxg3 c4 14. Nd2
Qe7 15. b3 c3 16. Ndf3 Ne4 17. a4 f6 18. Nd3 g5 19. Nc5 Bxc5 20. dxc5 Qxc5 21.
Nd4 Rae8 22. Qd3 a6 23. Rfd1 Qc7 24. Ne2 Kg7 25. g4 Rc8 26. g3 Rh8 27. Kg2 h5
28. gxh5 Rxh5 29. Rh1 Rch8 30. Rxh5 Rxh5 31. f3 Nd6 32. Qxc3 1/2-1/2

[Event "Lichtenberger Sommer"]
[Site "Berlin"]
[Date "2009.08.18"]
[Round "4.46"]
[White "Forster, Manfred"]
[Black "Petkov, Peter"]
[Result "0-1"]
[WhiteElo "1636"]
[BlackElo "1918"]
[PlyCount "96"]
[EventDate "2009.??.??"]
[WhiteTeam "SK Singen"]
[BlackTeam "vereinslos"]

1. d4 Nf6 2. Nc3 g6 3. e4 d6 4. f4 Bg7 5. Nf3 Bg4 6. h3 Bxf3 7. Qxf3 c6 8. Bd3
O-O 9. Ne2 e5 10. fxe5 dxe5 11. c3 Nbd7 12. O-O Qa5 13. b4 Qc7 14. Be3 Rae8 15.
g4 b6 16. Ng3 exd4 17. cxd4 Nb8 18. Rac1 Qd8 19. Qf2 Qe7 20. Bg5 Nxg4 21. Bxe7
Nxf2 22. Bxf8 Nxd3 23. Bxg7 Nxc1 24. Bh6 Nd3 25. a3 c5 26. bxc5 bxc5 27. Rd1 c4
28. h4 Nc6 29. Be3 f5 30. d5 Nce5 31. Bxa7 fxe4 32. Kf1 Ng4 33. d6 c3 34. Nxe4
c2 35. Ra1 c1=Q+ 36. Rxc1 Nxc1 37. Nc5 Ne5 38. Ne4 Kf7 39. Ng5+ Kg8 40. Bb6 Nd7
41. Bc7 h6 42. Nh3 Re3 43. Kg2 Rxa3 44. Nf4 Kf7 45. Bd8 Nd3 46. Ne2 N3e5 47.
Nd4 Rd3 48. Nb5 Rd5 0-1

[Event "Lichtenberger Sommer"]
[Site "Berlin"]
[Date "2009.08.18"]
[Round "4.47"]
[White "Inngauer, Wolfram"]
[Black "Smajic, Mirza"]
[Result "1/2-1/2"]
[WhiteElo "1898"]
[BlackElo "1721"]
[PlyCount "98"]
[EventDate "2009.??.??"]
[WhiteTeam "CFC Hertha 06 e.V."]
[BlackTeam "SC Borussia Friedrichsfelde 1920"]

1. Nf3 d5 2. d4 Nf6 3. Nc3 e6 4. Bg5 c5 5. e3 Nc6 6. Bb5 Bd7 7. O-O Be7 8. Re1
cxd4 9. exd4 O-O 10. Qd2 a6 11. Bf1 b5 12. a3 Na5 13. b4 Nc4 14. Bxc4 dxc4 15.
Bxf6 Bxf6 16. Ne4 Bc6 17. Rad1 Bxe4 18. Rxe4 Qd5 19. Rg4 Rfd8 20. Qf4 Kh8 21.
Ng5 Ra7 22. c3 Qd6 23. Qe4 g6 24. Qf3 Bxg5 25. Rxg5 Qe7 26. Qe3 Rd5 27. Re5 Qd6
28. f4 Kg7 29. Re1 a5 30. Qg3 axb4 31. axb4 Rxe5 32. fxe5 Qc6 33. h4 Ra2 34. h5
Qd5 35. Re3 Ra1+ 36. Kh2 Rf1 37. Qg4 Rf5 38. Rh3 Qa8 39. h6+ Kf8 40. Rh4 Ke8
41. Qe2 Kd8 42. d5 exd5 43. g4 Rf4 44. Kg3 Re4 45. Qf2 Qb8 46. Qf6+ Kc8 47.
Qc6+ Qc7 48. Qe8+ Qd8 49. Qc6+ Qc7 1/2-1/2

[Event "Lichtenberger Sommer"]
[Site "Berlin"]
[Date "2009.08.18"]
[Round "4.48"]
[White "Fuchs, Joerg"]
[Black "Jabbusch, Burkhard"]
[Result "0-1"]
[WhiteElo "1909"]
[BlackElo "2017"]
[PlyCount "86"]
[EventDate "2009.??.??"]
[WhiteTeam "SC Kreuzberg e.V."]
[BlackTeam "FHSG Stralsund"]

1. e4 c5 2. Nf3 Nc6 3. Bb5 d6 4. O-O Qb6 5. Nc3 e6 6. d4 cxd4 7. Nxd4 Bd7 8.
Be3 Qc7 9. Qf3 Nf6 10. Nxc6 bxc6 11. Ba4 e5 12. h3 Be7 13. Rad1 h6 14. Rd2 g5
15. g4 O-O-O 16. b4 h5 17. Qe2 hxg4 18. Bxg5 Rxh3 19. Qa6+ Kb8 20. Rd3 Rh5 21.
Bxf6 Bxf6 22. Rfd1 Rdh8 23. Kf1 Rh1+ 24. Ke2 Rxd1 25. Nxd1 Be7 26. Rc3 Qb7 27.
Qc4 d5 28. Qb3 Qa6+ 29. b5 cxb5 30. Nb2 d4 31. Rg3 Kc8 32. Qd3 Qa5 33. Bb3 Rh1
34. c3 f6 35. Qc2 Kb8 36. Nd3 dxc3 37. Ne1 b4 38. Bd5 Qa6+ 39. Nd3 Bb5 40. Qb3
Rh2 41. Qc2 Qb6 42. Kf1 Bc5 43. Rxg4 Rxf2+ 0-1

[Event "Lichtenberger Sommer"]
[Site "Berlin"]
[Date "2009.08.18"]
[Round "4.49"]
[White "Mai, Andreas"]
[Black "Wirp, Hans-Werner"]
[Result "1-0"]
[WhiteElo "1950"]
[BlackElo "1818"]
[PlyCount "131"]
[EventDate "2009.??.??"]
[WhiteTeam "SC Friesen Lichtenberg e.V."]
[BlackTeam "SK Oschersleben 1948"]

1. e4 e5 2. Nf3 Nc6 3. Bc4 Nf6 4. d3 Be7 5. O-O O-O 6. c3 d5 7. exd5 Nxd5 8.
Re1 Bg4 9. h3 Be6 10. Nxe5 Nxe5 11. Rxe5 c6 12. Re1 Bd6 13. Nd2 Qh4 14. Nf3 Qh5
15. Re4 Be7 16. Re5 Qg6 17. Bg5 h6 18. Nh4 Qh7 19. Bxe7 Nxe7 20. Bxe6 fxe6 21.
Rxe6 Nf5 22. Nxf5 Qxf5 23. Qe2 Rad8 24. Rd1 Rd7 25. Re8 Rxe8 26. Qxe8+ Kh7 27.
Qe2 Rd6 28. d4 Rg6 29. g4 h5 30. f3 Qf4 31. Kg2 h4 32. Qf2 Rh6 33. d5 Qd6 34.
c4 g5 35. Rd2 Rf6 36. dxc6 Qxc6 37. b3 a6 38. Rd5 Kh6 39. Qe3 Rg6 40. Qe4 Kh7
41. Qf5 Qe8 42. Kf2 Qb8 43. f4 b5 44. Rd7+ Kh8 45. cxb5 axb5 46. Qe5+ Qxe5 47.
fxe5 Rc6 48. Ke3 Rc3+ 49. Rd3 Rc2 50. Ke4 Rg2 51. e6 Kg7 52. Kf5 Rg3 53. Rd7+
Kf8 54. Kxg5 Rxh3 55. Rh7 Rh2 56. Rxh4 Rxa2 57. Rh3 Ke7 58. Re3 b4 59. Re4 Ra5+
60. Kg6 Rb5 61. g5 Rb8 62. Kg7 Rb5 63. Kh6 Rb8 64. g6 Rh8+ 65. Kg5 Kf8 66. Rxb4
1-0

[Event "Lichtenberger Sommer"]
[Site "Berlin"]
[Date "2009.08.18"]
[Round "4.50"]
[White "Tiemer, Klaus"]
[Black "Würsig, Mathias"]
[Result "1-0"]
[WhiteElo "1883"]
[BlackElo "1861"]
[PlyCount "81"]
[EventDate "2009.??.??"]
[WhiteTeam "TSG Oberschöneweide e.V."]
[BlackTeam "SV Blau-Gelb 1899 Hosena e.V."]

1. d4 Nf6 2. c4 g6 3. Nc3 Bg7 4. e4 d6 5. Be2 O-O 6. Bg5 e5 7. d5 Nbd7 8. Qd2
Nc5 9. f3 Qe8 10. g4 Nfd7 11. h4 f6 12. Be3 b6 13. b4 Nb7 14. Rc1 a6 15. Bd1
Rf7 16. Nh3 Qf8 17. Na4 Rb8 18. Bb3 Kh8 19. Nc3 Ra8 20. Ne2 a5 21. a3 Nd8 22.
Ng3 Nb8 23. h5 g5 24. Nf2 h6 25. Nd3 Nb7 26. O-O Na6 27. Rc2 Kh7 28. Rfc1 Kh8
29. Ba4 axb4 30. axb4 Bd7 31. Bb3 Nd8 32. Ra2 b5 33. Rca1 Bc8 34. cxb5 Nxb4 35.
Rxa8 Bb7 36. Rb8 Nxd3 37. Qxd3 Kh7 38. Ra7 Qe7 39. Ba4 Bf8 40. b6 Rg7 41. Nf5
1-0

[Event "Lichtenberger Sommer"]
[Site "Berlin"]
[Date "2009.08.18"]
[Round "4.51"]
[White "Ziems, Michael"]
[Black "Gräfe, Charly"]
[Result "0-1"]
[WhiteElo "1743"]
[BlackElo "1889"]
[PlyCount "101"]
[EventDate "2009.??.??"]
[WhiteTeam "SV Empor Berlin e.V."]
[BlackTeam "SF Friedrichshagen"]

1. d4 d5 2. c4 c6 3. Nc3 Nf6 4. e3 e6 5. Nf3 Bd6 6. Be2 O-O 7. O-O Nbd7 8. b3
b6 9. Bb2 Qe7 10. a4 Bb7 11. a5 c5 12. Nb5 Bb8 13. a6 Bc6 14. dxc5 bxc5 15. Ba3
Bxb5 16. cxb5 Bd6 17. Re1 Ne4 18. Bb2 Rab8 19. Rc1 f5 20. g3 Rfc8 21. Rc2 Ng5
22. Nh4 Nf6 23. Bd3 Rc7 24. Bxf6 Qxf6 25. Ng2 Rbc8 26. h4 Nf7 27. Nf4 c4 28.
bxc4 dxc4 29. Bf1 Bb4 30. Ree2 Ne5 31. Bg2 Rd8 32. Qb1 Ba5 33. Qa2 Bb6 34. Rc1
Rc5 35. e4 fxe4 36. Bxe4 Kh8 37. Rcc2 Rxb5 38. Bg2 Ba5 39. Nh5 Qf5 40. Bh3 Qxh5
41. Rc1 Rbd5 42. Re3 Bd2 43. Rxe5 Qxe5 44. Rxc4 Ba5 45. Rf4 h6 46. Bg2 Bb6 47.
Qa3 Qd6 48. Qf3 Rf5 49. Rxf5 exf5 50. Kh2 f4 51. Qe4 0-1

[Event "Lichtenberger Sommer"]
[Site "Berlin"]
[Date "2009.08.18"]
[Round "4.52"]
[White "Grassi, Fabrizio"]
[Black "Schweitzer, Paul"]
[Result "1/2-1/2"]
[WhiteElo "1952"]
[BlackElo "1661"]
[PlyCount "42"]
[EventDate "2009.??.??"]
[WhiteTeam "SV Berlin-Friedrichstadt"]
[BlackTeam "SV Königsjäger Süd-West e.V."]

1. d4 d5 2. Bf4 Nd7 3. e3 e6 4. Bd3 a6 5. Nd2 b5 6. c3 c5 7. Ngf3 c4 8. Bc2 Bb7
9. e4 Be7 10. Qe2 g5 11. Bg3 h5 12. h3 h4 13. Bh2 Nh6 14. Ne5 Nxe5 15. Bxe5 f6
16. Bh2 e5 17. dxe5 d4 18. exf6 Bxf6 19. e5 d3 20. Qh5+ Nf7 21. Qg6 Bxg2
1/2-1/2

[Event "Lichtenberger Sommer"]
[Site "Berlin"]
[Date "2009.08.18"]
[Round "4.53"]
[White "Nauschütz, Ernst"]
[Black "Baranowsky, Peter"]
[Result "0-1"]
[WhiteElo "1839"]
[BlackElo "1935"]
[PlyCount "64"]
[EventDate "2009.??.??"]
[WhiteTeam "Greifswalder SV"]
[BlackTeam "Sfrd. Berlin 1903 e.V."]

1. c4 b6 2. Nc3 Nf6 3. d4 Bb7 4. Bg5 e6 5. e3 Bb4 6. Nge2 O-O 7. a3 Be7 8. Qd2
d6 9. Nc1 Nbd7 10. f3 e5 11. Bd3 exd4 12. exd4 Nd5 13. Ne4 f5 14. Bxe7 Qxe7 15.
cxd5 Bxd5 16. O-O fxe4 17. Re1 Nf6 18. Na2 Bxa2 19. Rxa2 Qf7 20. Bb1 exf3 21.
gxf3 Qd5 22. Rf1 c5 23. b4 Rae8 24. bxc5 dxc5 25. dxc5 Qxc5+ 26. Kh1 Re3 27. a4
Nh5 28. Rc2 Qe5 29. Qg2 Nf4 30. Qg4 h5 31. Qd7 Re1 32. Rc1 Qe2 0-1

[Event "Lichtenberger Sommer"]
[Site "Berlin"]
[Date "2009.08.18"]
[Round "4.54"]
[White "Junge, Wolfgang"]
[Black "Bandsom, Olaf"]
[Result "1/2-1/2"]
[WhiteElo "1835"]
[BlackElo "1786"]
[PlyCount "36"]
[EventDate "2009.??.??"]
[WhiteTeam "SC Friesen Lichtenberg e.V."]
[BlackTeam "SC Friesen Lichtenberg e.V."]

1. d4 d5 2. c4 e6 3. Nc3 Nf6 4. Bg5 Be7 5. Nf3 O-O 6. e3 c6 7. Rc1 Nbd7 8. Bd3
dxc4 9. Bxc4 Nd5 10. Bxe7 Qxe7 11. Qd2 Nxc3 12. Rxc3 e5 13. d5 cxd5 14. Qxd5 e4
15. Nd4 Nb6 16. Qh5 Nxc4 17. Rxc4 Re8 18. O-O Be6 1/2-1/2

[Event "Lichtenberger Sommer"]
[Site "Berlin"]
[Date "2009.08.18"]
[Round "4.55"]
[White "Walter, Günter"]
[Black "Mohr, Horst"]
[Result "1-0"]
[WhiteElo "2042"]
[BlackElo "1824"]
[PlyCount "49"]
[EventDate "2009.??.??"]
[WhiteTeam "TSG Oberschöneweide e.V."]
[BlackTeam "SC Caissa Falkensee e.V."]

1. e4 c6 2. d4 d5 3. exd5 cxd5 4. c4 Nf6 5. Nc3 Nc6 6. Nf3 Bg4 7. cxd5 Nxd5 8.
Qb3 Bxf3 9. gxf3 e6 10. Qxb7 Rc8 11. Bb5 Qd7 12. Qxd7+ Kxd7 13. Nxd5 exd5 14.
Bd2 Kd6 15. Rc1 Be7 16. O-O Nxd4 17. Bb4+ Ke5 18. Rfe1+ Kf4 19. Bd2+ Kxf3 20.
Re3+ Kg4 21. Bd7+ f5 22. h3+ Kh5 23. Rxc8 Rxc8 24. Bxc8 Bg5 25. Rd3 1-0

[Event "Lichtenberger Sommer"]
[Site "Berlin"]
[Date "2009.08.18"]
[Round "4.56"]
[White "Schönemann, Manfred"]
[Black "Cerdan Herraez, Manuel Vicente"]
[Result "0-1"]
[WhiteElo "1820"]
[BlackElo "1900"]
[PlyCount "45"]
[EventDate "2009.??.??"]
[WhiteTeam "SV Turbine Berlin e.V."]
[BlackTeam "CIM Benimaclet - Valencia"]

1. d4 d5 2. c4 dxc4 3. e3 e5 4. Qa4+ Nc6 5. Qxc4 exd4 6. Nf3 Bb4+ 7. Bd2 Bxd2+
8. Nbxd2 dxe3 9. fxe3 Qe7 10. Kf2 Nf6 11. h3 O-O 12. g4 Re8 13. Re1 Be6 14. Qb5
Bd5 15. g5 Ne4+ 16. Nxe4 Bxe4 17. Bg2 a6 18. Qe2 Bxf3 19. Qxf3 Ne5 20. Qe2 Rad8
21. Rd1 Qxg5 22. h4 Ng4+ 23. Kf1 0-1

[Event "Lichtenberger Sommer"]
[Site "Berlin"]
[Date "2009.08.18"]
[Round "4.57"]
[White "Jordans, Ralph"]
[Black "Krawatzki, Armin"]
[Result "1-0"]
[WhiteElo "1870"]
[BlackElo "1874"]
[PlyCount "105"]
[EventDate "2009.??.??"]
[WhiteTeam "Ford-Schachfreunde Köln e.V."]
[BlackTeam "SVG Läufer Reinickendorf e.V."]

1. c4 c5 2. Nf3 Nf6 3. Nc3 e6 4. g3 b6 5. Bg2 Bb7 6. O-O Be7 7. Re1 O-O 8. e4
d6 9. d4 cxd4 10. Nxd4 Nbd7 11. b3 a6 12. Bb2 Qc7 13. Rc1 Rac8 14. Kh1 Qb8 15.
f4 Rfe8 16. Qd2 h6 17. Rcd1 Rcd8 18. Bf3 Qa8 19. Qg2 Bf8 20. h3 Nc5 21. Kh2 Qb8
22. f5 Qa8 23. b4 e5 24. Nc2 Ncd7 25. a3 Rc8 26. Ne3 Rc7 27. g4 Rec8 28. h4 Be7
29. g5 hxg5 30. hxg5 Ne8 31. f6 Bf8 32. Nf5 g6 33. Ne3 Ndxf6 34. gxf6 Nxf6 35.
Ncd5 Bxd5 36. cxd5 Kg7 37. Re2 Be7 38. Nf5+ Kf8 39. Nxe7 Kxe7 40. Qg5 Rc2 41.
Rdd2 Rxb2 42. Rxb2 Rh8+ 43. Kg2 Qc8 44. Rbc2 Qh3+ 45. Kf2 Qh2+ 46. Ke1 Qh4+ 47.
Qxh4 Rxh4 48. Rc7+ Kf8 49. Rc6 Rh3 50. Rf2 g5 51. Rxd6 Kg7 52. Rxf6 Kxf6 53.
Bg4+ 1-0

[Event "Lichtenberger Sommer"]
[Site "Berlin"]
[Date "2009.08.18"]
[Round "4.58"]
[White "Bandlow, Matthias"]
[Black "Radloff, Rainer"]
[Result "1-0"]
[WhiteElo "1997"]
[BlackElo "1681"]
[PlyCount "67"]
[EventDate "2009.??.??"]
[WhiteTeam "SC Borussia Friedrichsfelde 1920"]
[BlackTeam "SC Weiße Dame e.V."]

1. d4 d5 2. c4 e6 3. Nf3 Nf6 4. e3 Be7 5. Nbd2 O-O 6. Bd3 Nbd7 7. O-O c5 8. b3
b6 9. Bb2 Bb7 10. Ne5 Qc8 11. f4 dxc4 12. bxc4 cxd4 13. exd4 Ne8 14. Qe2 Bf6
15. Ba3 Qd8 16. Bxf8 Nxf8 17. Qe3 g6 18. Ndf3 Bg7 19. Be4 Bxe4 20. Qxe4 Nd6 21.
Qd3 Rc8 22. Rac1 Rc7 23. c5 Qc8 24. Rc2 bxc5 25. Rfc1 c4 26. Nxc4 Qa6 27. Nce5
Rxc2 28. Rxc2 Qb7 29. Qb3 Qe4 30. g3 f6 31. Nc6 Nb5 32. Kf2 a6 33. Nd2 Qf5 34.
Ne7+ 1-0

[Event "Lichtenberger Sommer"]
[Site "Berlin"]
[Date "2009.08.18"]
[Round "4.60"]
[White "Baier, Reinhard"]
[Black "Sivakumaran, Ramesh"]
[Result "1-0"]
[WhiteElo "2089"]
[BlackElo "1466"]
[PlyCount "64"]
[EventDate "2009.??.??"]
[WhiteTeam "BSG 1827 Eckbauer e.V."]
[BlackTeam "SV Empor Berlin e.V."]

1. e4 c5 2. Nf3 d6 3. d4 cxd4 4. Nxd4 Nf6 5. f3 g6 6. c4 Bg7 7. Nc3 Nc6 8. Be3
O-O 9. Qd2 Bd7 10. Be2 a6 11. O-O Rc8 12. Rac1 Qa5 13. Nxc6 bxc6 14. Rfd1 c5
15. e5 Ne8 16. Nd5 Qd8 17. exd6 exd6 18. Bg5 f6 19. Bf4 Bc6 20. Nc3 Rf7 21. Bd3
Rd7 22. Be4 f5 23. Bxc6 Bd4+ 24. Be3 Bxe3+ 25. Qxe3 Rxc6 26. Nd5 Nc7 27. Re1
Nxd5 28. Qe6+ Kf8 29. Qxd5 Rcc7 30. Re6 Rb7 31. b3 Rb6 32. Rce1 Re7 1-0

[Event "Lichtenberger Sommer"]
[Site "Berlin"]
[Date "2009.08.18"]
[Round "4.61"]
[White "Kupfer, Michael"]
[Black "Schlittermann, Wolfgang"]
[Result "1-0"]
[WhiteElo "2198"]
[BlackElo "1644"]
[PlyCount "123"]
[EventDate "2009.??.??"]
[WhiteTeam "SC Friesen Lichtenberg e.V."]
[BlackTeam "SK Gillette"]

1. e4 c5 2. Nc3 e6 3. f4 d6 4. Nf3 Nc6 5. Bb5 Bd7 6. O-O Nge7 7. d4 cxd4 8.
Nxd4 Nxd4 9. Bxd7+ Qxd7 10. Qxd4 Nc6 11. Qd3 Nb4 12. Qe2 Be7 13. Rf3 d5 14.
exd5 Nxd5 15. Nxd5 Qxd5 16. c4 Qc5+ 17. Be3 Qc6 18. Rg3 g6 19. Kh1 Bc5 20. Bd2
Bd4 21. Bb4 O-O-O 22. Rc1 Rhe8 23. b3 e5 24. fxe5 Bxe5 25. Re3 Bc7 26. Re1 Rxe3
27. Qxe3 Kb8 28. Kg1 f6 29. Qe6 Bb6+ 30. Kf1 Qxe6 31. Rxe6 Bd4 32. Be7 Rg8 33.
Ke2 f5 34. Bd6+ Kc8 35. c5 Kd8 36. Kd3 Bb2 37. Re2 Bf6 38. Kc4 Re8 39. Rd2 Re4+
40. Kd5 Kd7 41. Bb8 a6 42. Ba7 Bc3 43. Rd3 Bg7 44. Bb6 Bf6 45. c6+ bxc6+ 46.
Kc5+ Kc8 47. Kxc6 Re2 48. Re3 Rc2+ 49. Bc5 Kd8 50. Rd3+ Ke8 51. a4 Rxg2 52. b4
Rc2 53. Rd6 Kf7 54. Rd7+ Ke6 55. Rd6+ Ke5 56. Kc7 Bg5 57. Rxa6 f4 58. Rc6 Ke4
59. Rd6 Kf5 60. a5 Ra2 61. h4 Bxh4 62. Rd4 1-0

[Event "Lichtenberger Sommer"]
[Site "Berlin"]
[Date "2009.08.18"]
[Round "4.62"]
[White "Metin, Altug"]
[Black "Heuser, Philip"]
[Result "0-1"]
[WhiteElo "1600"]
[BlackElo "2081"]
[PlyCount "60"]
[EventDate "2009.??.??"]
[WhiteTeam "vereinslos"]
[BlackTeam "SG Heidelberg-Kirchheim"]

1. e4 c6 2. c4 d5 3. exd5 Nf6 4. Nc3 cxd5 5. d4 Nc6 6. Nf3 Bg4 7. cxd5 Nxd5 8.
Qb3 Bxf3 9. gxf3 e6 10. Bb5 Bd6 11. Nxd5 exd5 12. Qe3+ Kd7 13. Qb3 Re8+ 14. Be3
Qa5+ 15. Kd1 a6 16. Bd3 Kc7 17. Rc1 Rad8 18. Bxh7 g6 19. h4 Rh8 20. Bxg6 fxg6
21. Bd2 Qb5 22. Qxb5 axb5 23. Ba5+ b6 24. Bd2 Kd7 25. Be3 Rdf8 26. f4 Bxf4 27.
Ke2 Re8 28. Kf3 Bxe3 29. fxe3 Rhf8+ 30. Kg4 Rxe3 0-1

[Event "Lichtenberger Sommer"]
[Site "Berlin"]
[Date "2009.08.18"]
[Round "4.63"]
[White "Strehlow, Horst"]
[Black "Kriese, Ralf"]
[Result "1-0"]
[WhiteElo "2115"]
[BlackElo "1639"]
[PlyCount "95"]
[EventDate "2009.??.??"]
[WhiteTeam "SC Friesen Lichtenberg e.V."]
[BlackTeam "Greifswalder SV"]

1. e4 e6 2. d4 d5 3. e5 c5 4. c3 Nc6 5. Nf3 cxd4 6. cxd4 f6 7. Bd3 fxe5 8. dxe5
Bb4+ 9. Kf1 Nge7 10. a3 Bc5 11. b4 Bb6 12. Bb2 O-O 13. b5 Na5 14. Nbd2 Bd7 15.
h4 Nf5 16. g4 Nh6 17. Rg1 Rf4 18. Qc2 Qf8 19. Bxh7+ Kh8 20. g5 Bxb5+ 21. Bd3
Bxd3+ 22. Qxd3 Ng4 23. Rxg4 Rxg4 24. Qg6 Nc4 25. Qh5+ Kg8 26. Qxg4 Nxd2+ 27.
Ke2 Qxf3+ 28. Qxf3 Nxf3 29. Kxf3 Rf8+ 30. Kg4 Rxf2 31. Bc3 Rc2 32. Bb4 Bc5 33.
Kh5 d4 34. Rd1 Bxb4 35. axb4 Rc4 36. Kg6 b5 37. Ra1 Rc7 38. Ra6 Rd7 39. Rxe6
Kf8 40. Rc6 d3 41. Rc1 d2 42. Rd1 Rd4 43. h5 Rxb4 44. Rxd2 a5 45. Rd7 Re4 46.
Kf5 Rh4 47. Ke6 Rxh5 48. Rd8# 1-0

[Event "Lichtenberger Sommer"]
[Site "Berlin"]
[Date "2009.08.18"]
[Round "4.64"]
[White "Schild, Reinhard"]
[Black "Reiche, Henry"]
[Result "0-1"]
[WhiteElo "1593"]
[BlackElo "2012"]
[PlyCount "106"]
[EventDate "2009.??.??"]
[WhiteTeam "SG Weißensee 49 e.V."]
[BlackTeam "SV Berolina Mitte e.V."]

1. e4 c5 2. Nf3 Nc6 3. d4 cxd4 4. Nxd4 d6 5. Nc3 Nf6 6. Be2 g6 7. Be3 Bg7 8.
O-O O-O 9. Qd2 Bd7 10. Bf3 a6 11. Rfe1 Rc8 12. a4 Ne5 13. Be2 Nc4 14. Bxc4 Rxc4
15. b3 Rc8 16. Rad1 Ng4 17. Nd5 Nxe3 18. Nxe3 Qb6 19. Nd5 Qd8 20. c4 e6 21. Ne3
Qb6 22. Ndc2 Qxb3 23. Qxd6 Bc6 24. Qb4 Qxb4 25. Nxb4 Bxa4 26. Rb1 Bc3 27. Re2
Rfd8 28. Ra2 b5 29. cxb5 axb5 30. Kf1 Rd4 31. Nbc2 Rxe4 32. f3 Bxc2 33. Nxc2
Re5 34. Nb4 Bxb4 35. Rxb4 Rc4 36. Rxc4 bxc4 37. Rc2 Rc5 38. Rc3 e5 39. Ke2 f5
40. Ke3 Kf7 41. f4 exf4+ 42. Kd4 Rc7 43. Ke5 Re7+ 44. Kd5 Re4 45. Rf3 Kf6 46.
h3 g5 47. Ra3 Re2 48. Ra6+ Kg7 49. Ra7+ Kg6 50. Ra6+ Kh5 51. Ra7 h6 52. Kxc4
Rxg2 53. Ra3 Rg3 0-1

[Event "Lichtenberger Sommer"]
[Site "Berlin"]
[Date "2009.08.18"]
[Round "4.65"]
[White "Kasper, Peter"]
[Black "Getzuhn, Detlef"]
[Result "1-0"]
[WhiteElo "1583"]
[BlackElo "1957"]
[PlyCount "39"]
[EventDate "2009.??.??"]
[WhiteTeam "SG Eckturm"]
[BlackTeam "SV Senat e.V."]

1. e4 c5 2. Nf3 Nc6 3. d4 cxd4 4. c3 dxc3 5. Nxc3 a6 6. Bc4 b5 7. Bb3 d6 8. Qd5
Bb7 9. Qxf7+ Kd7 10. O-O Nh6 11. Qe6+ Kc7 12. Bxh6 gxh6 13. Rac1 Kb6 14. Rfd1
Bc8 15. Qd5 Bb7 16. Qd2 Bc8 17. Bd5 e6 18. Bxc6 Kxc6 19. Qd4 Be7 20. Nd5+ 1-0

[Event "Lichtenberger Sommer"]
[Site "Berlin"]
[Date "2009.08.18"]
[Round "4.66"]
[White "Just, Detlef"]
[Black "Engelhardt, Erhard"]
[Result "1-0"]
[WhiteElo "1932"]
[BlackElo "1818"]
[PlyCount "51"]
[EventDate "2009.??.??"]
[WhiteTeam "SC Zugzwang 95 e.V."]
[BlackTeam "SSV Rotation Berlin e.V."]

1. e4 d5 2. e5 c5 3. f4 Nc6 4. Nf3 Bg4 5. Be2 e6 6. O-O Nge7 7. c3 Qb6 8. Kh1
Ng6 9. d3 Be7 10. Na3 O-O 11. Nc2 Qc7 12. d4 c4 13. h3 Bxf3 14. Bxf3 b5 15. g3
Qd7 16. h4 Nh8 17. Ne3 g6 18. Kg2 Bd8 19. h5 h6 20. Ng4 Kg7 21. Nxh6 gxh5 22.
Bxh5 Ng6 23. f5 exf5 24. Nxf5+ Kh7 25. Qd2 f6 26. Qh6+ 1-0

[Event "Lichtenberger Sommer"]
[Site "Berlin"]
[Date "2009.08.18"]
[Round "4.67"]
[White "Hahn, Thomas"]
[Black "Jachym, Adam"]
[Result "0-1"]
[WhiteElo "1826"]
[BlackElo "1583"]
[PlyCount "56"]
[EventDate "2009.??.??"]
[WhiteTeam "SC Empor Potsdam 1952 e.V."]
[BlackTeam "OKSz Spolem Opole"]

1. d4 d5 2. Bf4 Nf6 3. Nf3 e6 4. e3 Bd6 5. Bg5 O-O 6. Bd3 Nbd7 7. Nbd2 e5 8.
dxe5 Nxe5 9. Nxe5 Bxe5 10. c3 c6 11. Nf3 Bd6 12. Qc2 h6 13. Bh4 a5 14. O-O Bg4
15. Nd4 Qe7 16. Rfe1 Rfe8 17. e4 c5 18. Nf5 Bxf5 19. exf5 Qxe1+ 20. Rxe1 Rxe1+
21. Bf1 Ng4 22. Bg3 Bxg3 23. hxg3 Rae8 24. f6 Ra1 25. b3 Ree1 26. Qd3 Rxf1+ 27.
Qxf1 Rxf1+ 28. Kxf1 Nxf6 0-1

[Event "Lichtenberger Sommer"]
[Site "Berlin"]
[Date "2009.08.18"]
[Round "4.68"]
[White "Mildenberger, Hans"]
[Black "Nagel, Gerhard"]
[Result "0-1"]
[WhiteElo "1628"]
[BlackElo "1950"]
[PlyCount "104"]
[EventDate "2009.??.??"]
[WhiteTeam "BVG Helmholtz"]
[BlackTeam "SC Einheit Bautzen"]

1. d4 d5 2. c4 c6 3. Nf3 Nf6 4. e3 Bf5 5. Nc3 e6 6. Be2 Nbd7 7. O-O Bd6 8. Re1
Rc8 9. Qb3 b6 10. a4 O-O 11. Nh4 Bg4 12. Nf3 Bb8 13. h3 Bf5 14. Bd2 Qc7 15.
cxd5 exd5 16. Ba6 Rce8 17. Rac1 Ne4 18. Qc2 Nxd2 19. Qxd2 Qd6 20. Ne2 Be4 21.
Ng3 Qh6 22. Bf1 Qd6 23. Qc3 Rc8 24. Nd2 Bg6 25. Ba6 Rc7 26. e4 dxe4 27. Ndxe4
Qf4 28. Qe3 Qxe3 29. Rxe3 Re8 30. Rce1 Kf8 31. Nd6 Rxe3 32. Rxe3 Nf6 33. h4 Rd7
34. h5 Rxd6 35. hxg6 hxg6 36. Ne2 Nd5 37. Rf3 Re6 38. Kf1 f6 39. Bc4 Rd6 40.
Nc3 Nb4 41. Rh3 Bc7 42. Rh8+ Ke7 43. Rg8 Rxd4 44. Rxg7+ Kd6 45. Bg8 Nd3 46. b3
Ne5 47. f3 f5 48. Bh7 Rd3 49. Ne2 Rxb3 50. f4 Ng4 51. Rxg6+ Kc5 52. Ng3 Rxg3
0-1

[Event "Lichtenberger Sommer"]
[Site "Berlin"]
[Date "2009.08.18"]
[Round "4.69"]
[White "Kapp, Frank"]
[Black "Koischwitz, Wanja"]
[Result "0-1"]
[WhiteElo "1824"]
[BlackElo "1720"]
[PlyCount "84"]
[EventDate "2009.??.??"]
[WhiteTeam "TSV IFA Chemnitz"]
[BlackTeam "Queer-Springer SSV Berlin"]

1. d4 d5 2. c4 dxc4 3. e4 Nf6 4. e5 Nd5 5. Bxc4 c6 6. Nc3 Bf5 7. Nge2 e6 8. O-O
Be7 9. Nxd5 exd5 10. Ng3 Bg6 11. Bd3 Qd7 12. f4 Bxd3 13. Qxd3 Na6 14. Be3 Nc7
15. Nf5 g6 16. Nxe7 Qxe7 17. f5 O-O-O 18. f6 Qb4 19. Rfc1 Ne6 20. Rc3 Kb8 21.
a3 Qa5 22. Rac1 h5 23. Rb3 h4 24. Rb4 Ka8 25. Rb3 h3 26. g3 a6 27. Bd2 Qc7 28.
Qe3 c5 29. dxc5 Rh5 30. c6 b5 31. Qc3 Rxe5 32. Qa5 Qa7+ 33. Kf1 Rf5+ 34. Bf4
Rc8 35. Rb4 Nd8 36. Rb3 Rxf6 37. Ke1 Re6+ 38. Kd2 Qf2+ 39. Kd3 Qe2+ 40. Kd4
Qe4+ 41. Kc3 Rcxc6+ 42. Kd2 Qe2# 0-1

[Event "Lichtenberger Sommer"]
[Site "Berlin"]
[Date "2009.08.18"]
[Round "4.70"]
[White "Wendland, Frank"]
[Black "Kazman, Caner"]
[Result "1-0"]
[WhiteElo "1756"]
[BlackElo "1941"]
[PlyCount "67"]
[EventDate "2009.??.??"]
[WhiteTeam "Treptower SV 1949 e.V."]
[BlackTeam "SV Empor Berlin e.V."]

1. e4 b6 2. d4 Bb7 3. Nc3 e6 4. Nf3 Bb4 5. Bd3 Nf6 6. e5 Ne4 7. Bd2 Nxd2 8.
Nxd2 Qg5 9. Qe2 Bxc3 10. bxc3 Qxg2 11. O-O-O Qg5 12. Rhg1 Qh6 13. Rg3 Nc6 14.
Rdg1 g6 15. Kb1 O-O-O 16. Ne4 Ne7 17. Ng5 Nd5 18. Qe1 Qg7 19. c4 Ne7 20. Be4
Nf5 21. Ra3 Kb8 22. Bxb7 Kxb7 23. Qe4+ Kb8 24. c5 a5 25. cxb6 cxb6 26. Ka1 Rc8
27. Rb1 Kc7 28. Rc3+ Kd8 29. Rxc8+ Kxc8 30. Qa8+ Kc7 31. Qa7+ Kd8 32. Qxb6+ Ke8
33. Qxa5 d6 34. Rb8+ 1-0